|
|
|
|
| LEADER |
01260nam a2200265 a 4500 |
| 001 |
GR-Patra16269 |
| 008 |
031003s1998 gr e 000 0 gre d |
| 020 |
|
|
|a 9603445452
|
| 040 |
|
|
|a GrPaTEI
|b gre
|c GR-PaULI
|
| 040 |
|
|
|a GrPaTEI
|b gre
|c GR-PaULI
|
| 082 |
|
0 |
|a 152.3
|2 21
|
| 100 |
1 |
|
|a Βλάχος, Φίλιππος Μ.
|
| 245 |
1 |
0 |
|a Αριστεροχειρία :
|b Μύθοι και πραγματικότητα /
|c Φίλιππος Μ. Βλάχος.
|
| 260 |
|
|
|a Aθήνα :
|b Ελληνικά Γράμματα,
|c 1998
|
| 300 |
|
|
|a 212σ.
|
| 504 |
|
|
|a Βιβλιογραφία: σ.211-212
|
| 650 |
|
4 |
|a Αριστεροχειρία
|
| 650 |
|
4 |
|a Νευροφυσιολογία
|
| 650 |
|
4 |
|a ΝΕΥΡΟΨΥΧΟΛΟΓΙΑ
|
| 710 |
0 |
|
|a Ελληνικά Γράμματα
|
| 942 |
|
|
|2 ddc
|
| 952 |
|
|
|0 0
|1 0
|2 ddc
|4 0
|6 152_300000000000000_ΒΛΑ
|7 0
|9 295525
|a LISK
|b LISK
|c BSC
|d 2021-01-17
|e 24
|f 1
|g 0.00
|l 0
|o 152.3 ΒΛΑ
|p 92410016909
|r 2021-01-17 00:00:00
|t 1
|w 2021-01-17
|y BK15
|x 20031003 0 1
|x GrPaTEI
|
| 952 |
|
|
|0 0
|1 0
|2 ddc
|4 0
|6 152_300000000000000_ΒΛΑ
|7 1
|9 295526
|a LISK
|b LISK
|c BSC
|d 2021-01-17
|e 24
|f 0
|g 0.00
|l 0
|o 152.3 ΒΛΑ
|p 92410016908
|r 2021-01-17 00:00:00
|t 1
|w 2021-01-17
|y BKN
|x 20061031 0 0
|x GrPaTEI
|
| 971 |
|
|
|a .b26637844
|b 15-04-20
|c 23-09-16
|
| 999 |
|
|
|c 172496
|d 172496
|